000 00760cab a2200253 4500
001 ABS57750
008 090401t1997 xxu||||| |||| 00| 0 eng d
035 _a(Sirsi) u81505
041 _aeng
100 _aThorpe, S.
245 _aAccessible housing: Marks Tey
260 _c1997
350 _a0
490 _aAccess by Design
_v(73) May-August 1997, 18-20(3)
520 _aReports on Marks Tey, the first self-build scheme in the country for people with disabilities. Ann Mayes, a member of the scheme provides a personal insight into the project.
650 _aACCESSIBLE HOUSING
650 _aDESIGN
650 _aDISABLED PEOPLE
650 _aMARKS TEY
650 _aSELF-BUILD
690 _aHOUSING
942 _n0
948 _c16/10/1997
999 _c51349
_d51349